Carregant...

Orders rules and notifications Central enactment

Dades bibliogràfiques
Format: Printed Book
Publicat: Trivandrum: Government central press.
Matèries:
LEADER 00414nam a22001094a 4500
082 |a 342.032 
260 |a Trivandrum:  |b Government central press. 
650 |a Orders rules and notifications 
245 |a Orders rules and notifications  |b Central enactment  |c by  
942 |c BK 
999 |c 246744  |d 246744 
952 |0 0  |1 0  |4 0  |6 342_032000000000000_ORD  |7 0  |8 G  |9 262097  |a HIS  |b HIS  |d 2020-01-04  |l 0  |o 342.032 ORD  |p HIS0964  |r 2020-01-04  |t 1  |w 2020-01-04  |y BK